| 000 | 00874nam a22002417a 4500 | ||
|---|---|---|---|
| 005 | 20170123164141.0 | ||
| 010 | _aB-079790 | ||
| 020 |
_a8180590038 _c120.00 |
||
| 035 | _aB-079790 | ||
| 040 |
_aDPL _bPN |
||
| 082 |
_a857 _bਗੋਇਲ |
||
| 100 |
_aਗੋਇਲ, ਬਿਪਨ _9114757 |
||
| 245 |
_aਵਿਅੰਗ ਲੋਕ / _c ਬਿਪਨ ਗੋਇਲ |
||
| 246 |
_aViang lok _bby Bipin goel |
||
| 260 |
_aਦਿੱਲੀ _bਸ਼ਿਲਾਲੇਖ |
||
| 270 |
_a 4/32, ਸੁਭਾਸ਼ ਗਲੀ, ਵਿਸ਼ਵਾਸ ਨਗਰ, ਸ਼ਾਹਦਰਾ _bਦਿੱਲੀ _e110032 |
||
| 300 |
_a104p. _c23cm(Hb) |
||
| 650 |
_aਪੰਜਾਬੀ ਵਿਅੰਗ _9114758 |
||
| 650 |
_aਪੰਜਾਬੀ ਸਾਹਿਤ _9114759 |
||
| 650 |
_aPunjabi Irony _97379 |
||
| 650 |
_aPunjabi Literature _9781 |
||
| 942 |
_2ddc _cPN _h857 _mਗੋਇਲ |
||
| 999 |
_c109665 _d109665 |
||